00624nam a2200193Ia 4500952013200000999001700132003000400149005001700153008004100170020001800211040000900229082001500238100002300253245006100276260003500337300000900372650001300381942003600394 00102ddc40708ECONOMICSaMESbMEScECO d2019-02-20g495.00l0o330 KHA/Up39207r2019-02-20 00:00:00w2019-02-20yBKzGL1R3 c35014d35014OSt20200131112258.0190216s9999||||xx |||||||||||||| ||und|| a9788130913162 coclc a330bKHA/U aKhan, Irene 91694 4aThe Unheard Truth Poverty And Human Rights /cIrene Khan bViva Books,c2010.aNew Delhi: a250p aPolitics cBK2ddch330iKHA/Uk330mKHA/U